| 000 | 00502nam a2200205Ia 4500 | ||
|---|---|---|---|
| 003 | 0100 | ||
| 008 | 130303s9999 xx 000 0 und d | ||
| 040 | _cARRUPELIB | ||
| 050 | _aLB1025.S668 1978 | ||
| 100 | _aSoltis, Jonas F. | ||
| 245 | 3 | _aAn introduction to the analysis of educational concepts | |
| 250 | _a2nd edition | ||
| 260 | _aMassachusetts | ||
| 260 | _bAddison-Wesley | ||
| 260 | _C1978 | ||
| 300 | _a128p. | ||
| 300 | _b 22cm | ||
| 650 | _bIslam--Addresses | ||
| 942 |
_2lcc _02 |
||
| 999 |
_c65997 _d65997 |
||